| 000 | 00867nam a2200229 a 4500 | ||
|---|---|---|---|
| 001 | 000021027 | ||
| 005 | 20200930011220.0 | ||
| 008 | 100830s2004 dr 000 0 spa d | ||
| 020 | _a9993479055 | ||
| 040 |
_aDO-SdBNP _bspa _cBNPHU |
||
| 082 |
_a972.93054 _bP343o |
||
| 100 | 1 |
_aPayano-Safadit, Pedro N. _943994 |
|
| 245 | 1 | 3 |
_aEl otro abril : _bcrisis político-social del 1984 / _cPedro N. Payano-Safadit. |
| 260 |
_aSanto Domingo : _bBúho, _c2004. |
||
| 300 |
_a204 p. ; _c24 cm. |
||
| 500 | _aIncluye datos biográficos del autor en la contraportada | ||
| 500 | _aIncluye referencias bibliográficas y notas al pie de las páginas | ||
| 504 | _aBibliografía: p. 203-204 | ||
| 651 | 4 |
_aRepública Dominicana _xHistoria _y1982-1986 _943995 |
|
| 651 | 4 |
_aRepública Dominicana _xCondiciones Económicas _y1961- _97344 |
|
| 910 | _aValidado. Control de calidad MFF | ||
| 999 |
_c20530 _d20530 |
||